| 000 | 00862nam a2200313 a 4500 | ||
|---|---|---|---|
| 003 | AR-BaBNM | ||
| 005 | 20251128203310.0 | ||
| 008 | 082120s2002 ||||||||||||||000 | spa|| | ||
| 020 | _a950-525-075-4 | ||
| 040 | _cAR-BaBNM | ||
| 100 | 1 | _aRodríguez Vidal, Silvia | |
| 245 | 0 | 0 | _aUn método integrador para la enseñanza de la lengua |
| 250 | _a1ª ed. | ||
| 260 |
_aBuenos Aires _bStella _c1988 |
||
| 300 |
_a47 p. _btablas |
||
| 490 | 0 |
_aCuadernos pedagógicos _vv. 7 |
|
| 500 | _aContiene apéndice | ||
| 650 | 4 | _aPROCESO DEL PENSAMIENTO | |
| 650 | 4 | _aLENGUAJE | |
| 650 | 4 | _aMETODOS DE ENSEÑANZA | |
| 650 | 4 | _aACTIVIDADES DE APRENDIZAJE | |
| 650 | 4 | _aTRABAJOS PRACTICOS | |
| 650 | 4 | _aEVALUACION DEL ALUMNO | |
| 650 | 4 | _aPLANES DE CLASE | |
| 653 | _aENSENANZA DE LA LENGUA | ||
| 700 | 1 | _aPouchan, Alicia | |
| 942 | _cBK | ||
| 998 | _cMarce | ||
| 999 |
_c2778 _d2778 |
||